000 00749nam a2200193Ia 4500
003 GCL
008 140319s9999 xx 000 0 ara d
040 _aGCL /
_cGCL
082 0 4 _a796
_bم م
100 1 _aمسعد عويس
245 1 0 _aالمرصد العلمى للثقافة الرياضية /
_cمسعد عويس
260 _aالقاهرة :
_bمؤسسة سيد عويس للدراسات والبحوث الاجتماعية ،
_c2006
300 _a127 ص ؛
_c26 سم
650 0 4 _aالرياضة البدنية
650 0 4 _aالرياضة البدنية - مصر
650 0 4 _aالرياضة البدنية - الجوانب النفسية
650 0 4 _aالرياضة البدنية - قوانين وتشريعات
942 _2ddc
_cBK
999 _c9154
_d9154